[Event "AUTO-OPEN-4652"]
[Site "http://www.queenalice.com/game.php?id=1873427"]
[Date "2026.5.15"]
[Round "1"]
[White "peonaislado"]
[Black "juim"]
[Result "1-0"]
[WhiteElo "1759"]
[BlackElo "1537"]

1. d4 d5 2. c4 dxc4 3. Nc3 e5 4. dxe5 Bb4 5. Bd2 Ne7 6. f4 Nf5 7. e4 Nd4 8. Bxc4
O-O 9. Nge2 Nxe2 10. Qxe2 Qe8 11. O-O Bc5+ 12. Be3 Bxe3+ 13. Qxe3 Bg4 14. h3 Be6
15. Nd5 Qd7 16. Qg3 c6 17. Nf6+ Kh8 18. Nxd7 Nxd7 19. b3 Bxc4 20. bxc4 a5 21. f5
Rfe8 22. f6 g6 23. Rf5 Rg8 24. Rh5 Rae8 25. Rh6 Rxe5 26. Qh4 Rh5 27. Rxh5 gxh5
28. Qxh5 Rg6 29. Qxa5 Nxf6 30. Qa8+ Ng8 31. Qxb7 c5 32. Qxf7 Rf6 33. Qd5 1-0

[Event "AUTO-OPEN-4652"]
[Site "http://www.queenalice.com/game.php?id=1873428"]
[Date "2026.5.15"]
[Round "1"]
[White "juim"]
[Black "peonaislado"]
[Result "0-1"]
[WhiteElo "1583"]
[BlackElo "1743"]

1. e4 e5 2. d4 exd4 3. Qxd4 Nc6 4. Qd1 Nf6 5. f3 b6 6. Bg5 d6 7. Nc3 Be7 8. Bb5
Bd7 9. Nge2 O-O 10. O-O a6 11. Nd5 axb5 12. Nxe7+ Qxe7 13. Nf4 h6 14. Bh4 Qe5
15. Bg3 Qxb2 16. Qd3 b4 17. Rfb1 Qd4+ 18. Kh1 Qxd3 19. cxd3 Ra3 20. Bh4 g5 21.
Bg3 gxf4 22. Bxf4 Kh7 23. Re1 Rxd3 24. Bg3 Be6 25. e5 dxe5 26. Bxe5 Nxe5 27.
Rxe5 Rfd8 28. Ree1 b3 29. axb3 Bxb3 30. h3 Rd1 31. Kh2 Nh5 32. Rexd1 Bxd1 33.
Ra3 f5 34. Re3 Kg6 35. g4 Rd2+ 36. Kg1 fxg4 37. fxg4 Nf4 38. Ra3 Kg5 39. Re3 Ng2
40. Re5+ Kf4 41. Rh5 Nh4 42. Rxh4 Bf3 43. Rxh6 Kg3 44. Kf1 Rd1# 0-1

[Event "AUTO-OPEN-4652"]
[Site "http://www.queenalice.com/game.php?id=1873451"]
[Date "2026.5.15"]
[Round "1"]
[White "juim"]
[Black "Pin"]
[Result "0-1"]
[WhiteElo "1567"]
[BlackElo "2092"]

1. e4 c5 2. Qh5 d6 3. Bb5+ Nc6 4. Bxc6+ bxc6 5. Nf3 Nf6 6. Qg5 h6 7. Qe3 g6 8.
e5 dxe5 9. Qxe5 Qd6 10. Qxd6 exd6 11. d3 Bg7 12. O-O O-O 13. Be3 Nd5 14. Bd2 Bg4
15. h3 Bxf3 16. gxf3 Bxb2 17. Bc3 Nxc3 18. Nxc3 Bxc3 19. Rab1 Bd4 20. Rfe1 Kg7
21. Kg2 Be5 22. Re4 f5 23. Rc4 Rab8 24. Re1 Rb2 25. f4 Bd4 26. Ra4 Rf7 27. Re2
Kf6 28. Ra6 Rb6 29. Ra4 Rb4 30. Ra6 Rbb7 31. Rxc6 Rbd7 32. f3 Rfe7 33. Rxe7 Kxe7
34. Rc8 Rb7 35. Rg8 Kf7 36. Rc8 a5 37. Ra8 Bc3 38. h4 Rb2 39. Kg3 Be1+ 40. Kh3
Rxc2 41. Rxa5 Rf2 42. Ra7+ Kf6 43. a4 Rxf3+ 44. Kg2 Rxd3 45. Ra8 Bxh4 46. a5 g5
47. fxg5+ hxg5 48. Rb8 Ra3 49. Rf8+ Ke5 50. Re8+ Kd4 51. Re6 Rxa5 52. Rxd6+ Kc3
53. Rd5 f4 54. Kf3 Kc4 55. Rd1 Ra3+ 56. Ke4 Re3+ 57. Kf5 Kc3 58. Rc1+ Kd4 59.
Rd1+ Rd3 0-1